[Event "31.Schlosspark-Open"]
[Site "Wiesbaden-Biebrich"]
[Date "2019.08.23"]
[Round "3.53"]
[White "Grohmann, Alexander"]
[Black "Brauch, Manfred"]
[Result "1-0"]
[WhiteElo "2003"]
[BlackElo "1774"]
[PlyCount "49"]
[EventDate "2019.??.??"]
[WhiteTeam "FVS ASP Hoyerswerda"]
[BlackTeam "SG Pieroth"]

1. e4 d6 2. Nc3 Nd7 3. d4 Ngf6 4. Bc4 e5 5. Nf3 Be7 6. dxe5 Nxe5 7. Nxe5 dxe5
8. Qe2 c6 9. O-O O-O 10. a4 a5 11. Kh1 Qc7 12. f4 Bc5 13. f5 b6 14. Bg5 Be7 15.
Bxf6 Bxf6 16. Rf3 Qe7 17. Raf1 Kh8 18. Rh3 Bg5 19. Qh5 h6 20. Rhf3 Qf6 21. Nd1
Ba6 22. Bxa6 Rxa6 23. Nf2 Bh4 24. g3 Qg5 25. Qxh4 1-0

[Event "31.Schlosspark-Open"]
[Site "Wiesbaden-Biebrich"]
[Date "2019.08.23"]
[Round "3.54"]
[White "Ziegler, Joerg"]
[Black "Gentner, Markus"]
[Result "1/2-1/2"]
[WhiteElo "1726"]
[BlackElo "2001"]
[PlyCount "65"]
[EventDate "2019.??.??"]
[WhiteTeam "BKA Wiesbaden"]
[BlackTeam "SC Murrhardt"]

1. e4 c6 2. d4 d5 3. exd5 cxd5 4. c4 Nf6 5. Nc3 Nc6 6. c5 g6 7. h3 Bg7 8. Nf3
O-O 9. a3 Ne4 10. Be3 Re8 11. Bb5 Nxc3 12. bxc3 Qa5 13. Qb3 a6 14. Bxc6 bxc6
15. O-O Bf5 16. Bf4 f6 17. Qb4 Qb5 18. Rfe1 g5 19. Bh2 g4 20. Nh4 Bd7 21. hxg4
Bxg4 22. Re3 Kf7 23. Qb1 Qxb1+ 24. Rxb1 Ra7 25. f3 Bd7 26. g4 e5 27. Nf5 Bxf5
28. gxf5 Bf8 29. Kf1 e4 30. fxe4 dxe4 31. Rbe1 Rb7 32. Rxe4 Rxe4 33. Rxe4
1/2-1/2

[Event "31.Schlosspark-Open"]
[Site "Wiesbaden-Biebrich"]
[Date "2019.08.23"]
[Round "3.55"]
[White "Werner, Dimo"]
[Black "Meding, Olaf"]
[Result "1/2-1/2"]
[WhiteElo "1995"]
[BlackElo "1762"]
[PlyCount "40"]
[EventDate "2019.??.??"]
[WhiteTeam "TSV Schott Mainz"]
[BlackTeam "SF Mainz"]

1. d4 d5 2. Nf3 c6 3. c4 Nf6 4. cxd5 cxd5 5. Nc3 Nc6 6. Bf4 Bf5 7. a3 a6 8. h3
e6 9. e3 Bd6 10. Bxd6 Qxd6 11. Bd3 Bxd3 12. Qxd3 O-O 13. O-O h6 14. b4 b5 15.
Rac1 Nd7 16. e4 dxe4 17. Nxe4 Qd5 18. Nc3 Qd6 19. Ne4 Qd5 20. Nc3 Qd6 1/2-1/2

[Event "31.Schlosspark-Open"]
[Site "Wiesbaden-Biebrich"]
[Date "2019.08.23"]
[Round "3.56"]
[White "Kropp, Volker"]
[Black "Jess, Geralf"]
[Result "1/2-1/2"]
[WhiteElo "1993"]
[BlackElo "1729"]
[PlyCount "53"]
[EventDate "2019.??.??"]
[WhiteTeam "Vorw.Orient Mainz"]
[BlackTeam "SC Matt im Park"]

1. d4 Nf6 2. Nf3 c5 3. e3 e6 4. c3 Nc6 5. Be2 b6 6. O-O Bb7 7. Nbd2 Qc7 8. b3
d5 9. Bb2 Bd6 10. Rc1 Ng4 11. h3 Nf6 12. Bd3 e5 13. e4 O-O 14. exd5 Nxd5 15.
Nc4 Rad8 16. Nxd6 Qxd6 17. c4 Nf4 18. d5 Nd4 19. Re1 Rde8 20. Nxd4 cxd4 21. Bf1
Bc8 22. Qf3 f5 23. g3 Ng6 24. Qh5 f4 25. Bd3 Qf6 26. g4 Qd6 27. f3 1/2-1/2

[Event "31.Schlosspark-Open"]
[Site "Wiesbaden-Biebrich"]
[Date "2019.08.23"]
[Round "3.58"]
[White "Sefeloge, Michael"]
[Black "Rutsatz, Mario"]
[Result "0-1"]
[WhiteElo "1725"]
[BlackElo "1977"]
[PlyCount "114"]
[EventDate "2019.??.??"]
[WhiteTeam "SV Lahnstein"]
[BlackTeam "SF Frankfurt"]

1. d4 Nf6 2. c4 g6 3. Nc3 d5 4. e3 Bg7 5. Nf3 O-O 6. cxd5 Nxd5 7. Nxd5 Qxd5 8.
Be2 c5 9. dxc5 Qxc5 10. O-O Nc6 11. Ne1 Rd8 12. Qc2 Qxc2 13. Nxc2 Bf5 14. Na3
Rac8 15. g4 Bd3 16. Bxd3 Rxd3 17. Rb1 Nb4 18. Nb5 a6 19. Nc3 b5 20. a4 Bxc3 21.
bxc3 Na2 22. axb5 Nxc3 23. Ra1 axb5 24. Kg2 b4 25. Bb2 f6 26. Ra7 Rd2 27. Bc1
Rc2 28. e4 Nxe4 29. Rxe7 Nxf2 30. Rxf2 Rxf2+ 31. Kxf2 Rxc1 32. Rb7 Rc4 33. h3
g5 34. Kf3 Rf4+ 35. Kg3 Rc4 36. Kf3 Rc3+ 37. Ke4 b3 38. Kf5 Rf3+ 39. Ke6 h6 40.
Rb8+ Kg7 41. Rb7+ Kg6 42. Ke7 f5 43. Rb6+ Kg7 44. gxf5 Re3+ 45. Kd7 Rxh3 46.
Re6 Rf3 47. Rg6+ Kf7 48. Rxh6 Rxf5 49. Rb6 Rd5+ 50. Kc6 Rd3 51. Kc5 Rf3 52. Kc4
g4 53. Kd4 g3 54. Ke4 g2 55. Rb7+ Kg6 56. Rb6+ Rf6 57. Rb8 Kg7 0-1

[Event "31.Schlosspark-Open"]
[Site "Wiesbaden-Biebrich"]
[Date "2019.08.23"]
[Round "3.59"]
[White "Gerst, Michael"]
[Black "Mang, Markus"]
[Result "1-0"]
[WhiteElo "1974"]
[BlackElo "1726"]
[PlyCount "83"]
[EventDate "2019.??.??"]
[WhiteTeam "Oberhausener SV"]
[BlackTeam "SG Kaiserslautern"]

1. d4 e6 2. Nf3 Nf6 3. c4 d5 4. Nc3 Be7 5. Bg5 h6 6. Bh4 O-O 7. e3 b6 8. cxd5
Nxd5 9. Bxe7 Qxe7 10. Nxd5 exd5 11. Rc1 Be6 12. Qa4 c5 13. dxc5 bxc5 14. Qa3
Rc8 15. Bb5 a5 16. O-O Nd7 17. Nd4 Nf6 18. Nb3 Ne4 19. Nd4 Qg5 20. Nxe6 fxe6
21. Bd7 Rf8 22. Bxe6+ Kh8 23. Qd3 Rad8 24. f3 c4 25. Qd4 Nf6 26. Bh3 Rde8 27.
Rce1 Re7 28. Re2 Rfe8 29. Rfe1 Qg6 30. g3 Re5 31. Bg2 h5 32. e4 h4 33. g4 dxe4
34. h3 Qg5 35. fxe4 Nxg4 36. hxg4 Qxg4 37. Qc3 Rh5 38. Re3 Re6 39. Kh1 Rg6 40.
Qd2 Qf4 41. Rf1 Rxg2 42. Qd8+ 1-0

[Event "31.Schlosspark-Open"]
[Site "Wiesbaden-Biebrich"]
[Date "2019.08.23"]
[Round "3.61"]
[White "Triantafillidis, Simeon"]
[Black "Haftmann, Rainer"]
[Result "1-0"]
[WhiteElo "1952"]
[BlackElo "1725"]
[PlyCount "131"]
[EventDate "2019.??.??"]
[WhiteTeam "SF HN-Biberach"]
[BlackTeam "SG Dietzenbach"]

1. e4 e5 2. Nf3 Nc6 3. Bc4 Be7 4. d4 d6 5. d5 Nb8 6. O-O Nf6 7. Nc3 a6 8. h3
Nbd7 9. Be3 O-O 10. Nh2 b5 11. Bd3 Bb7 12. Ng4 c5 13. Nxf6+ Bxf6 14. Be2 Bg5
15. Qd2 Bxe3 16. Qxe3 b4 17. Nd1 f5 18. exf5 Bxd5 19. Qd2 Nb6 20. Ne3 Bc6 21.
c3 bxc3 22. Qxc3 Kh8 23. Rad1 Qe7 24. b4 Bb5 25. Bxb5 axb5 26. bxc5 dxc5 27.
Nd5 Nxd5 28. Rxd5 Rxf5 29. Rxc5 Rff8 30. Rxe5 Qa7 31. Rxb5 Qxa2 32. Rb7 Rf7 33.
Rb2 Qa7 34. Qe3 Raf8 35. Qxa7 Rxa7 36. Rfb1 Kg8 37. g3 Ra3 38. Rb3 Ra2 39. R1b2
Rxb2 40. Rxb2 h6 41. Rb7 Kh7 42. f4 Ra8 43. f5 Kg8 44. Kf2 Ra3 45. Re7 h5 46.
Re3 Ra2+ 47. Kf3 Rh2 48. h4 Kf7 49. Kf4 g6 50. Kg5 gxf5 51. Re5 Rg2 52. Rxf5+
Ke6 53. Rf3 Ke5 54. Kxh5 Ke4 55. Ra3 Rb2 56. g4 Rb8 57. Ra6 Kf4 58. g5 Rh8+ 59.
Rh6 Rg8 60. Rh7 Kf5 61. Rf7+ Ke6 62. g6 Ra8 63. Kg5 Ra5+ 64. Kh6 Ra4 65. h5 Rh4
66. Rf3 1-0

[Event "31.Schlosspark-Open"]
[Site "Wiesbaden-Biebrich"]
[Date "2019.08.23"]
[Round "3.62"]
[White "Pastor, Alexander"]
[Black "Hassemeier, Mika"]
[Result "0-1"]
[WhiteElo "1668"]
[BlackElo "1872"]
[PlyCount "70"]
[EventDate "2019.??.??"]
[WhiteTeam "SV Hennef"]
[BlackTeam "FVS ASP Hoyerswerda"]

1. d4 Nf6 2. c4 g6 3. Nf3 Bg7 4. g3 O-O 5. Bg2 d6 6. O-O a6 7. Nc3 Nc6 8. b3
Bd7 9. Bb2 Rb8 10. e3 b5 11. Nd2 e5 12. Ne2 exd4 13. Nxd4 Ne5 14. Qe2 Re8 15.
Rfd1 Nfg4 16. h3 Nh6 17. Rac1 c5 18. Nc2 f5 19. Bxe5 dxe5 20. cxb5 axb5 21. Ne1
Qe7 22. Nd3 Rbc8 23. Rc2 e4 24. Nf4 Nf7 25. Nb1 Ne5 26. Nc3 Rb8 27. Ncd5 Qf8
28. h4 b4 29. Nc7 Rec8 30. Nce6 Qe7 31. Rxd7 Nxd7 32. Bf1 Ne5 33. Qa6 Rc6 34.
Nd5 Qxe6 35. Qxc6 Nxc6 0-1

[Event "31.Schlosspark-Open"]
[Site "Wiesbaden-Biebrich"]
[Date "2019.08.23"]
[Round "3.63"]
[White "Goldt, Rainer"]
[Black "Treiber, Volker"]
[Result "1-0"]
[WhiteElo "1956"]
[BlackElo "1633"]
[PlyCount "79"]
[EventDate "2019.??.??"]
[WhiteTeam "Kreuznacher SV"]
[BlackTeam "SK Lohr"]

1. e4 c6 2. d4 d5 3. e5 Bf5 4. Ne2 h6 5. Ng3 Bh7 6. Bd3 Bxd3 7. Qxd3 e6 8. O-O
Ne7 9. f4 g6 10. Nd2 Nf5 11. Nf3 Nd7 12. Bd2 Rc8 13. Ne2 b5 14. a4 a6 15. axb5
axb5 16. Ba5 Qe7 17. Be1 Nb6 18. g4 Ng7 19. Bh4 Qb7 20. Bf6 Rg8 21. Ng3 Be7 22.
Nh4 Nd7 23. Bxe7 Kxe7 24. f5 gxf5 25. gxf5 Kd8 26. Kh1 Kc7 27. fxe6 fxe6 28.
Rf7 Kb6 29. Qg6 Nf5 30. Qxe6 Nxg3+ 31. hxg3 Rcd8 32. Nf5 Rge8 33. Ne7 b4 34. c4
dxc4 35. Rc1 Nf8 36. Nd5+ Ka7 37. Rxb7+ Kxb7 38. Qf7+ Nd7 39. Nf6 Rf8 40. Qe7
1-0

[Event "31.Schlosspark-Open"]
[Site "Wiesbaden-Biebrich"]
[Date "2019.08.23"]
[Round "3.64"]
[White "Rump, Andreas"]
[Black "Mengel, Alexander"]
[Result "1-0"]
[WhiteElo "1947"]
[BlackElo "1439"]
[PlyCount "59"]
[EventDate "2019.??.??"]
[WhiteTeam "SG Idstein"]
[BlackTeam "SC Niederfischbach"]

1. d4 Nf6 2. c4 e6 3. Nf3 b6 4. Nc3 Bb7 5. Bg5 Be7 6. e3 Ne4 7. Bxe7 Qxe7 8.
Nxe4 Bxe4 9. Be2 O-O 10. O-O d6 11. Rc1 Nd7 12. b4 a5 13. b5 h6 14. Nd2 Bb7 15.
Bf3 Bxf3 16. Qxf3 f5 17. Qc6 Nf6 18. c5 bxc5 19. dxc5 dxc5 20. Rxc5 Nd5 21. a3
Rab8 22. Nc4 Rfd8 23. Re1 Qf6 24. h3 Kh7 25. Rc1 Qe7 26. Kh2 g5 27. Re1 Qf6 28.
e4 fxe4 29. Rxe4 Re8 30. Rxd5 1-0

[Event "31.Schlosspark-Open"]
[Site "Wiesbaden-Biebrich"]
[Date "2019.08.23"]
[Round "3.65"]
[White "Reitz, Theresa"]
[Black "Gerber, Ingo"]
[Result "1-0"]
[WhiteElo "1936"]
[BlackElo "1529"]
[PlyCount "49"]
[EventDate "2019.??.??"]
[WhiteTeam "VfR-SC Koblenz"]
[BlackTeam "SF Mainz"]

1. Nf3 d5 2. g3 Nf6 3. Bg2 Bf5 4. d4 Nc6 5. O-O h6 6. c4 e6 7. b3 Be7 8. Bb2
O-O 9. Nbd2 b6 10. Qe1 Nb4 11. Qd1 Nc2 12. Rc1 Nb4 13. a3 Na6 14. Ne5 Nb8 15.
Qe1 Bd6 16. e4 dxe4 17. Nxe4 Bxe5 18. dxe5 Nxe4 19. Bxe4 Bxe4 20. Qxe4 Nd7 21.
b4 a5 22. Rfd1 Qe7 23. Qc6 Rad8 24. Qxc7 axb4 25. Rd6 1-0

[Event "31.Schlosspark-Open"]
[Site "Wiesbaden-Biebrich"]
[Date "2019.08.23"]
[Round "3.66"]
[White "Schmitt, Carsten"]
[Black "Boscher, Hans"]
[Result "1/2-1/2"]
[WhiteElo "1926"]
[BlackElo "1492"]
[PlyCount "113"]
[EventDate "2019.??.??"]
[WhiteTeam "SV Bergwinkel"]
[BlackTeam "SC Bad Soden"]

1. c4 e5 2. g3 Nf6 3. Bg2 d5 4. cxd5 Nxd5 5. Nc3 c6 6. Nf3 Nd7 7. O-O Bb4 8.
Qb3 Nxc3 9. dxc3 Bd6 10. Rd1 Qc7 11. Ng5 O-O 12. Be3 h6 13. Ne4 Be7 14. c4 Nf6
15. Nxf6+ Bxf6 16. c5 Be6 17. Qc2 Rad8 18. Be4 Rxd1+ 19. Rxd1 Rd8 20. b3 Qa5
21. Rxd8+ Qxd8 22. Qd2 Qxd2 23. Bxd2 Be7 24. Be3 f5 25. Bc2 g5 26. f3 a5 27. a3
Kg7 28. b4 axb4 29. axb4 Kf6 30. Bd2 Bc4 31. Kf2 Ke6 32. Bc3 Bf6 33. g4 fxg4
34. fxg4 Kd7 35. Bf5+ Kc7 36. Ke3 Bd5 37. Bd3 b5 38. Bf5 Kd8 39. Kf2 Kc7 40.
Bd2 Kb7 41. h4 Kc7 42. h5 Kb7 43. Ke3 Kc7 44. Be4 Ba2 45. Bc3 Kb7 46. Bb2 Kc7
47. Bc3 Kb7 48. Bg6 Bd5 49. Be8 Kc7 50. Kd3 Kb7 51. Bg6 Kc7 52. Be4 Bg8 53. Ke3
Ba2 54. Bh7 Bd5 55. Be4 Ba2 56. Bh7 Bd5 57. Be4 1/2-1/2

[Event "31.Schlosspark-Open"]
[Site "Wiesbaden-Biebrich"]
[Date "2019.08.23"]
[Round "3.67"]
[White "Davidov, Georgi"]
[Black "Scheerer, Julian"]
[Result "1-0"]
[WhiteElo "1917"]
[BlackElo "1400"]
[PlyCount "61"]
[EventDate "2019.??.??"]
[WhiteTeam "SC Rotenburg"]
[BlackTeam "SV Ffm-Griesheim"]

1. e4 e5 2. Nf3 Nc6 3. Bb5 a6 4. Bxc6 dxc6 5. O-O Bg4 6. h3 h5 7. d3 Qf6 8.
Nbd2 Ne7 9. Re1 Ng6 10. hxg4 hxg4 11. Nh2 Qh4 12. Ndf1 g3 13. fxg3 Bc5+ 14. Be3
Bxe3+ 15. Rxe3 Qh6 16. Qg4 Nf8 17. Qh3 Qxh3 18. gxh3 Rxh3 19. Kg2 Rh8 20. Rf3
Ne6 21. Ne3 Ng5 22. Rf5 f6 23. Rxg5 fxg5 24. Nhg4 Ke7 25. Nxe5 Ke6 26. Nf3 Rh5
27. g4 Rhh8 28. Nxg5+ Kf6 29. Nf3 Rad8 30. Rf1 Ke6 31. Ng5+ 1-0

[Event "31.Schlosspark-Open"]
[Site "Wiesbaden-Biebrich"]
[Date "2019.08.23"]
[Round "3.68"]
[White "Busch, Guenther"]
[Black "Stork, Christopher"]
[Result "0-1"]
[WhiteElo "1505"]
[BlackElo "1905"]
[PlyCount "72"]
[EventDate "2019.??.??"]
[WhiteTeam "FC Bierstadt"]
[BlackTeam "SV Oberursel"]

1. c4 e5 2. Nf3 Nc6 3. Nc3 Nf6 4. d3 Be7 5. g3 d5 6. cxd5 Nxd5 7. e4 Nb6 8. a3
a5 9. Bg2 O-O 10. O-O Bg4 11. Be3 Be6 12. Qc2 Qd7 13. a4 f6 14. Ne1 Nb4 15. Qe2
Bb3 16. Rc1 Nxa4 17. Nxa4 Bxa4 18. Bc5 Bxc5 19. Rxc5 b6 20. Rc3 Bb5 21. f4 Rad8
22. Rf3 c5 23. Bf1 Nc6 24. Nc2 Nd4 25. Nxd4 Qxd4+ 26. Qe3 a4 27. Qxd4 Rxd4 28.
fxe5 fxe5 29. Rxf8+ Kxf8 30. Kf2 Ke7 31. Ke3 Rb4 32. Rc2 Rb3 33. Be2 c4 34. Kd2
cxd3 35. Bxd3 Rxd3+ 36. Ke1 Re3+ 0-1

[Event "31.Schlosspark-Open"]
[Site "Wiesbaden-Biebrich"]
[Date "2019.08.23"]
[Round "3.69"]
[White "Brechlin, Olaf"]
[Black "Jakesevic, Ivan"]
[Result "1-0"]
[WhiteElo "1840"]
[BlackElo "1712"]
[PlyCount "35"]
[EventDate "2019.??.??"]
[WhiteTeam "FVS ASP Hoyerswerda"]
[BlackTeam "FC Bierstadt"]

1. Nc3 Nf6 2. e4 d6 3. f4 g6 4. Nf3 Bg7 5. Bc4 Nbd7 6. Bxf7+ Kxf7 7. Ng5+ Kg8
8. Ne6 Qe8 9. Nxc7 Qf7 10. Nxa8 Nc5 11. d3 Bg4 12. Ne2 Nh5 13. g3 e5 14. O-O
exf4 15. Bxf4 Bd4+ 16. Kg2 Qd7 17. Bh6 Ne6 18. Nxd4 1-0

[Event "31.Schlosspark-Open"]
[Site "Wiesbaden-Biebrich"]
[Date "2019.08.23"]
[Round "3.70"]
[White "Bigott, Martin"]
[Black "Cichon, Joerg"]
[Result "0-1"]
[WhiteElo "1860"]
[BlackElo "1711"]
[PlyCount "50"]
[EventDate "2019.??.??"]
[WhiteTeam "SK Sülz-Klettenberg"]
[BlackTeam "SF Mainz"]

1. Nf3 g6 2. c4 Bg7 3. d4 Nf6 4. Nc3 d6 5. e4 O-O 6. Be2 e5 7. O-O Nc6 8. d5
Ne7 9. b4 a6 10. Bb2 Nd7 11. Qc2 f5 12. Rac1 Bh6 13. Nd2 Nf6 14. f3 f4 15. c5
g5 16. Na4 Bd7 17. cxd6 cxd6 18. Qb3 b5 19. Nc3 Ng6 20. a4 Qb6+ 21. Rf2 Rfc8
22. a5 Qa7 23. g3 g4 24. Nd1 fxg3 25. hxg3 Bxd2 0-1

[Event "31.Schlosspark-Open"]
[Site "Wiesbaden-Biebrich"]
[Date "2019.08.23"]
[Round "3.71"]
[White "Scholz, Benedict"]
[Black "Wunschik, Joachim"]
[Result "0-1"]
[WhiteElo "1533"]
[BlackElo "1837"]
[PlyCount "80"]
[EventDate "2019.??.??"]
[WhiteTeam "SV Eichlinghofen"]
[BlackTeam "SV Rüsselsheim"]

1. e4 c5 2. Nf3 d6 3. d4 cxd4 4. Nxd4 Nf6 5. Nc3 a6 6. Bc4 e6 7. O-O Be7 8. Re1
Nc6 9. Be3 O-O 10. h3 Bd7 11. a3 Rc8 12. Bb3 b5 13. Qe2 Nxd4 14. Bxd4 e5 15.
Be3 Be6 16. Bxe6 fxe6 17. a4 b4 18. Na2 a5 19. f3 Nh5 20. Bf2 Nf4 21. Qd2 Bg5
22. Qd1 Bh4 23. g3 Nxh3+ 24. Kg2 Nxf2 25. Kxf2 Be7 26. c3 Qb6+ 27. Kg2 bxc3 28.
bxc3 Qc6 29. Qb3 Qc4 30. Qxc4 Rxc4 31. Rab1 Rxa4 32. Re2 Rc8 33. Rb7 Bf8 34.
Ra7 Rcc4 35. Rb2 Rc8 36. Ra6 h6 37. Ra7 Kh7 38. Kf2 Kg6 39. Ke3 d5 40. exd5
Bc5+ 0-1

[Event "31.Schlosspark-Open"]
[Site "Wiesbaden-Biebrich"]
[Date "2019.08.23"]
[Round "3.72"]
[White "Yue, Qizhou"]
[Black "Plaumann, Arvin"]
[Result "1-0"]
[WhiteElo "1820"]
[BlackElo "1667"]
[PlyCount "91"]
[EventDate "2019.??.??"]
[WhiteTeam "SV Multatuli Ingelheim e.V."]
[BlackTeam "SF Heidesheim"]

1. e4 g6 2. Nf3 Bg7 3. Nc3 d6 4. Bc4 Nf6 5. d3 O-O 6. h3 e5 7. Be3 Nc6 8. Qd2
Na5 9. Bh6 Nxc4 10. dxc4 Ne8 11. O-O-O Be6 12. Bxg7 Nxg7 13. Qh6 f6 14. Nd5 c6
15. Nxf6+ Qxf6 16. Ng5 Rfd8 17. Qxh7+ Kf8 18. Nxe6+ Qxe6 19. Rd3 Ne8 20. Rf3+
Nf6 21. Qxg6 Ke7 22. Qg7+ Qf7 23. Qxf7+ Kxf7 24. Rf5 Ke6 25. f3 d5 26. g4 dxe4
27. fxe4 Rd4 28. Rhf1 Nxe4 29. b3 Rh8 30. R5f3 Ng5 31. Rf6+ Kd7 32. Rg6 Nxh3
33. Rf7+ Kc8 34. Rgg7 Nf4 35. Rc7+ Kd8 36. Rxb7 Ke8 37. Rxa7 Kf8 38. Rgc7 Ne6
39. Rxc6 Rh2 40. Rc8+ Nd8 41. c5 Rdd2 42. Kb1 Ke8 43. c6 Rxc2 44. Rd7 Rb2+ 45.
Kc1 Rxa2 46. Rcxd8# 1-0

[Event "31.Schlosspark-Open"]
[Site "Wiesbaden-Biebrich"]
[Date "2019.08.23"]
[Round "3.74"]
[White "Viol, Julius"]
[Black "Schmidt, Joerg"]
[Result "1-0"]
[WhiteElo "1709"]
[BlackElo "1490"]
[PlyCount "91"]
[EventDate "2019.??.??"]
[WhiteTeam "FC Bierstadt"]
[BlackTeam "SK Niederbrechen"]

1. d4 d5 2. c4 Nf6 3. Nc3 Bf5 4. Qb3 dxc4 5. Qxb7 Nbd7 6. Nb5 Rc8 7. Bf4 e5 8.
dxe5 Nc5 9. Qf3 Be4 10. Qh3 Ne6 11. exf6 Bb4+ 12. Nc3 Nxf4 13. Qe3 O-O 14. Qxf4
Qd4 15. Qe3 Qxf6 16. O-O-O Bc6 17. Nf3 Rfe8 18. Qd4 Qh6+ 19. e3 Rb8 20. Bxc4
Bd6 21. Qh4 Qxh4 22. Nxh4 Bb4 23. Nd5 Bxd5 24. Bxd5 Rbd8 25. Bc6 Rf8 26. Rxd8
Rxd8 27. Rd1 Rb8 28. Rd7 Bd6 29. h3 g6 30. Bd5 Rf8 31. Nf3 h6 32. Nd4 a6 33.
Nc6 Kg7 34. Nd8 Be5 35. Rxf7+ Rxf7 36. Nxf7 Bf6 37. Kc2 h5 38. f4 Kf8 39. Ng5
Ke7 40. e4 Kd6 41. e5+ Bxe5 42. fxe5+ Kxd5 43. e6 Kd6 44. Kc3 c5 45. Kc4 Kc6
46. Nf7 1-0

[Event "31.Schlosspark-Open"]
[Site "Wiesbaden-Biebrich"]
[Date "2019.08.23"]
[Round "3.75"]
[White "Traut, Stefan"]
[Black "Eg, Karlheinz"]
[Result "1-0"]
[WhiteElo "1559"]
[BlackElo "1888"]
[PlyCount "55"]
[EventDate "2019.??.??"]
[WhiteTeam "SF Heusenstamm"]
[BlackTeam "SV Rüsselsheim"]

1. d4 Nf6 2. Nf3 g6 3. c4 Bg7 4. Nc3 d5 5. cxd5 Nxd5 6. e4 Nxc3 7. bxc3 O-O 8.
Rb1 c5 9. Be2 Nc6 10. d5 Bxc3+ 11. Bd2 Bxd2+ 12. Qxd2 Na5 13. h4 f6 14. h5 g5
15. Nxg5 fxg5 16. Qxg5+ Kh8 17. h6 Rf7 18. Bh5 Qg8 19. Qxg8+ Kxg8 20. Bxf7+
Kxf7 21. Rh5 Kg6 22. Re5 Kf7 23. Rg5 Bd7 24. Rg7+ Kf6 25. f3 b6 26. g4 Re8 27.
f4 e5 28. g5# 1-0

[Event "31.Schlosspark-Open"]
[Site "Wiesbaden-Biebrich"]
[Date "2019.08.23"]
[Round "3.76"]
[White "Kuenne, Lutz"]
[Black "Hoffmann, Christian"]
[Result "0-1"]
[WhiteElo "1546"]
[BlackElo "1883"]
[PlyCount "30"]
[EventDate "2019.??.??"]
[WhiteTeam "KC Jena"]
[BlackTeam "BKA Wiesbaden"]

1. d4 Nf6 2. Bf4 g6 3. Nc3 d5 4. e3 Bg7 5. h4 O-O 6. Be2 c6 7. h5 Nbd7 8. hxg6
fxg6 9. g4 Qa5 10. Qd2 Nb6 11. g5 Ng4 12. Nf3 e5 13. Bg3 Nxe3 14. dxe5 Nbc4 15.
Qd3 Bf5 0-1

[Event "31.Schlosspark-Open"]
[Site "Wiesbaden-Biebrich"]
[Date "2019.08.23"]
[Round "3.77"]
[White "Launert, Martin"]
[Black "Witt, Alexander"]
[Result "1-0"]
[WhiteElo "1837"]
[BlackElo "1554"]
[PlyCount "61"]
[EventDate "2019.??.??"]
[WhiteTeam "Sfr. Erbach"]
[BlackTeam "Vorw.Orient Mainz"]

1. e4 e5 2. Nf3 Nc6 3. Bb5 a6 4. Ba4 Nf6 5. d3 b5 6. Bb3 h6 7. O-O Bc5 8. Nc3
Bb7 9. Ne2 O-O 10. Ng3 Nd4 11. Nxe5 Nxb3 12. axb3 d6 13. Ng4 Bc8 14. Nxf6+ Qxf6
15. c3 Kh7 16. d4 Bb6 17. Kh1 Re8 18. f3 Re7 19. Nh5 Qg6 20. Nf4 Qf6 21. Nd5
Qe6 22. Nxe7 Qxe7 23. Qd3 Kg8 24. Bf4 Bb7 25. Bg3 Re8 26. Rae1 Qe6 27. d5 Qg6
28. Qd2 a5 29. Bf2 Re5 30. Bxb6 cxb6 31. Qf2 1-0

[Event "31.Schlosspark-Open"]
[Site "Wiesbaden-Biebrich"]
[Date "2019.08.23"]
[Round "3.78"]
[White "Schmitt, Clemens"]
[Black "Herrmann, Gerhard"]
[Result "1-0"]
[WhiteElo "1813"]
[BlackElo "1554"]
[PlyCount "103"]
[EventDate "2019.??.??"]
[WhiteTeam "SV Bergwinkel"]
[BlackTeam "SC Königsspringer Alzenau"]

1. c4 c5 2. g3 g6 3. Bg2 Bg7 4. Nc3 Nc6 5. Nf3 e6 6. d3 Nge7 7. Bg5 h6 8. Bd2
O-O 9. O-O b6 10. Rb1 Bb7 11. a3 Rb8 12. b4 cxb4 13. axb4 d5 14. Qc1 Kh7 15.
Rd1 d4 16. Nb5 a6 17. Na3 Nf5 18. b5 axb5 19. Nxb5 Ba6 20. Ng5+ hxg5 21. Bxc6
f6 22. Qa3 Bb7 23. Bxb7 Rxb7 24. Bb4 Rh8 25. Nd6 Nxd6 26. Bxd6 Bf8 27. Qa6 Rd7
28. Bxf8 Qxf8 29. Qxb6 e5 30. Qc6 Rf7 31. Rb7 Kg8 32. Rdb1 Qh6 33. Rb8+ Kg7 34.
Rxh8 Qxh8 35. Ra1 Qh5 36. f3 g4 37. Rf1 gxf3 38. exf3 Qf5 39. Rd1 Qg5 40. Qe4
Ra7 41. f4 Qg4 42. Re1 Re7 43. fxe5 Qxe4 44. exf6+ Kxf6 45. Rxe4 Rxe4 46. dxe4
Ke5 47. c5 d3 48. Kf2 Kxe4 49. c6 d2 50. Ke2 Kd5 51. c7 d1=Q+ 52. Kxd1 1-0

[Event "31.Schlosspark-Open"]
[Site "Wiesbaden-Biebrich"]
[Date "2019.08.23"]
[Round "3.79"]
[White "Kuenitz, Klaus"]
[Black "Troeger, Beate"]
[Result "1/2-1/2"]
[WhiteElo "1787"]
[BlackElo "1483"]
[PlyCount "35"]
[EventDate "2019.??.??"]
[WhiteTeam "TSV Schott Mainz"]
[BlackTeam "Vorw.Orient Mainz"]

1. e4 c5 2. Nf3 Nc6 3. d4 cxd4 4. Nxd4 a6 5. c4 e5 6. Nc2 Nf6 7. Nc3 Bb4 8.
Nxb4 Nxb4 9. Be2 O-O 10. O-O d6 11. Bg5 h6 12. Be3 Rb8 13. Ba7 Ra8 14. Be3 Re8
15. Qd2 Nc6 16. Rfd1 Re6 17. c5 Ne8 18. f4 1/2-1/2

[Event "31.Schlosspark-Open"]
[Site "Wiesbaden-Biebrich"]
[Date "2019.08.23"]
[Round "3.80"]
[White "Hedrich, Gerd"]
[Black "Donecker, Stefan"]
[Result "1-0"]
[WhiteElo "1472"]
[BlackElo "1722"]
[PlyCount "69"]
[EventDate "2019.??.??"]
[WhiteTeam "Wiesbadener SV"]
[BlackTeam "TuS Dotzheim"]

1. Nf3 Nf6 2. d4 e6 3. c4 Bb4+ 4. Nc3 O-O 5. g3 b6 6. Bg2 Bb7 7. O-O Bxc3 8.
bxc3 d6 9. Re1 c5 10. Bg5 Nbd7 11. e4 h6 12. Bxf6 Qxf6 13. e5 Qe7 14. exd6 Qxd6
15. dxc5 Qxd1 16. Raxd1 Nxc5 17. Nd4 Bxg2 18. Kxg2 Rfd8 19. Nb3 Nb7 20. Rd4 Kf8
21. f4 Rac8 22. Red1 Ke7 23. Kf3 Rxd4 24. Rxd4 Nd6 25. c5 bxc5 26. Ra4 Rc7 27.
Nd2 f5 28. h3 g5 29. a3 Nb5 30. Nb1 Rd7 31. Ke3 Rd1 32. Nd2 gxf4+ 33. gxf4 Ra1
34. Nb3 c4 35. Nxa1 1-0

[Event "31.Schlosspark-Open"]
[Site "Wiesbaden-Biebrich"]
[Date "2019.08.23"]
[Round "3.81"]
[White "Baumgarten, Fred"]
[Black "Emrich, Franz"]
[Result "1-0"]
[WhiteElo "1694"]
[BlackElo "1439"]
[PlyCount "91"]
[EventDate "2019.??.??"]
[WhiteTeam "SV Hennef"]
[BlackTeam "SC Lambsheim"]

1. e4 e6 2. d4 d5 3. exd5 exd5 4. c4 Nf6 5. Nc3 Be6 6. cxd5 Nxd5 7. Nf3 Be7 8.
Bd3 Nd7 9. O-O N7f6 10. Ng5 Nxc3 11. bxc3 Nd5 12. Nxe6 fxe6 13. Bd2 Nf6 14. Re1
Qd7 15. Qb3 O-O-O 16. Rab1 b6 17. Rxe6 Bd6 18. Bf5 Kb8 19. Rxf6 Qe7 20. Re6 Qf8
21. Be4 h6 22. Qa4 Bxh2+ 23. Kf1 Rd6 24. Rxd6 Qxd6 25. Qa6 c6 26. Be3 Qc7 27.
g3 Bxg3 28. fxg3 Rf8+ 29. Ke2 g5 30. Kd3 Re8 31. Qc4 Rxe4 32. Kxe4 Qh7+ 33. Ke5
Qxb1 34. Kd6 Qg6+ 35. Qe6 Qh7 36. Qe8+ Kb7 37. Qxc6+ Ka6 38. Qa4+ Kb7 39. Qd7+
Qxd7+ 40. Kxd7 b5 41. g4 a5 42. a3 Ka6 43. Kc6 b4 44. cxb4 a4 45. d5 h5 46. b5+
1-0